[Event "Gibraltar Masters 18th"]
[Site "Caleta"]
[Date "2020.01.28"]
[Round "8"]
[White "Rudzinska, Michalina"]
[Black "George, Lolomari Erekosima"]
[Result "1-0"]
[WhiteElo "2005"]
[BlackElo "2053"]
[PlyCount "67"]
[EventDate "2020.01.21"]
[EventType "swiss"]
[EventRounds "10"]
[EventCountry "GGB"]
[SourceTitle "CBM 194 Extra"]
[Source "ChessBase"]
[SourceDate "2020.03.31"]
[SourceVersion "1"]
[SourceVersionDate "2020.03.31"]
[SourceQuality "1"]

1. e4 c6 2. d4 d5 3. Nc3 dxe4 4. Nxe4 Bf5 5. Ng3 Bg6 6. Bc4 e6 7. N1e2 Bd6 8. Nf4 Bxf4 9. Bxf4 Nf6 10. 0-0 Nbd7 11. Bb3 0-0 12. Qf3 a5 13. a4 Re8 14. h4 h6 15. h5 Bh7 16. Rad1 Qb6 17. Rfe1 Rac8 18. Nf1 c5 19. dxc5 Nxc5 20. Be5 Ncd7 21. Bc3 Qc6 22. Qe2 b6 23. Ne3 Ne4 24. Nc4 Rcd8 25. Qf3 Ndc5 26. Bd4 Qc7 27. Qe3 Rd5 28. f3 Rxh5 29. Be5 Qe7 30. fxe4 Qh4 31. Qg3 Qh1+ 32. Kf2 Nxe4+ 33. Rxe4 Qxd1 34. Qxg7# 1-0

[Event "Gibraltar Challengers op-B"]
[Site "Caleta"]
[Date "2020.01.27"]
[Round "3"]
[White "Sousa, Ludy Helsio Paulo"]
[Black "George, Lolomari Erekosima"]
[Result "0-1"]
[WhiteElo "2247"]
[BlackElo "2053"]
[PlyCount "82"]
[EventDate "2020.01.25"]
[EventType "swiss"]
[EventRounds "5"]
[EventCountry "GGB"]
[SourceTitle "CBM 194 Extra"]
[Source "ChessBase"]
[SourceDate "2020.03.31"]
[SourceVersion "1"]
[SourceVersionDate "2020.03.31"]
[SourceQuality "1"]

1. e4 c6 2. d4 d5 3. e5 Bf5 4. Be3 e6 5. Nd2 Nd7 6. Ngf3 Bg6 7. Be2 Nh6 8. h4 Bh5 9. c3 Nf5 10. Bf4 Be7 11. g3 c5 12. dxc5 Bxc5 13. Nb3 0-0 14. Nxc5 Nxc5 15. 0-0 Qb6 16. Qc2 Rfc8 17. Kg2 Bxf3+ 18. Bxf3 d4 19. c4 a5 20. b3 a4 21. Rab1 axb3 22. axb3 Ra3 23. b4 Nd3 24. Bd2 Nxe5 25. Be4 Nxc4 26. Bxf5 exf5 27. Rfe1 h6 28. Kh3 d3 29. Qd1 Qxf2 30. Re7 Nxd2 31. Qh5 Rf8 32. Rc1 Nf3 33. Qxf5 Ng5+ 34. Kg4 Qd4+ 35. Qf4 Qxf4+ 36. gxf4 Ne6 37. f5 Nd4 38. Rxb7 d2 39. Rd1 Rd3 40. Kf4 Re8 41. Ra7 Ne2+ 0-1

[Event "Gibraltar Masters 18th"]
[Site "Caleta"]
[Date "2020.01.24"]
[Round "4"]
[White "George, Lolomari Erekosima"]
[Black "Antova, Gabriela"]
[Result "0-1"]
[WhiteElo "2053"]
[BlackElo "2295"]
[PlyCount "72"]
[EventDate "2020.01.21"]
[EventType "swiss"]
[EventRounds "10"]
[EventCountry "GGB"]
[SourceTitle "CBM 194 Extra"]
[Source "ChessBase"]
[SourceDate "2020.03.31"]
[SourceVersion "1"]
[SourceVersionDate "2020.03.31"]
[SourceQuality "1"]

1. d4 d5 2. c4 c6 3. Nf3 Nf6 4. e3 e6 5. b3 Nbd7 6. Bb2 Bd6 7. Bd3 b6 8. Nbd2 Bb7 9. 0-0 0-0 10. Ne5 Re8 11. f4 c5 12. cxd5 exd5 13. Qf3 cxd4 14. exd4 Bb4 15. Rad1 Nf8 16. Qh3 Rc8 17. g4 Ne4 18. Nxe4 dxe4 19. Bc4 Bd5 20. a3 Bxc4 21. Nxc4 b5 22. Ne3 Bc3 23. Qg2 Ng6 24. Qf2 Nh4 25. d5 Nf3+ 26. Kh1 Qb6 27. d6 Bxb2 28. d7 Bd4 29. dxc8Q Rxc8 30. Qe2 Bxe3 31. Rd5 a6 32. Rfd1 h6 33. b4 Rc3 34. Rd6 Qc7 35. Rd8+ Kh7 36. R8d7 Rc2 0-1

[Event "Accra zt 4.4"]
[Site "Accra"]
[Date "2019.04.22"]
[Round "2"]
[White "George, Lolomari Erekosima"]
[Black "Ajibola, Olanrewaju"]
[Result "0-1"]
[WhiteElo "2048"]
[BlackElo "2262"]
[PlyCount "98"]
[EventDate "2019.04.21"]
[EventType "swiss"]
[EventRounds "9"]
[EventCountry "GHA"]
[SourceTitle "EXT 2021"]
[Source "ChessBase"]
[SourceDate "2020.10.23"]
[SourceVersion "1"]
[SourceVersionDate "2020.10.23"]
[SourceQuality "1"]

1. d4 d5 2. c4 e6 3. Nf3 c6 4. e3 Nf6 5. Bd3 Nbd7 6. 0-0 dxc4 7. Bxc4 Bd6 8. Nc3 0-0 9. e4 e5 10. Bg5 h6 11. Bh4 b5 12. Bb3 b4 13. Na4 Qe7 14. dxe5 Nxe5 15. Nxe5 Bxe5 16. f4 Rd8 17. Qc2 Bd4+ 18. Kh1 Ba6 19. Rf3 Qxe4 20. Qxe4 Nxe4 21. Bxd8 Rxd8 22. f5 Be2 23. Rc1 c5 24. Rff1 Bxf1 25. Rxf1 Nf2+ 26. Kg1 Nd3+ 27. Kh1 Nxb2 28. Nxb2 Bxb2 29. g3 Bc3 30. Rf3 Re8 31. Rd3 Bd4 32. Rf3 Re2 33. g4 a5 34. Bc4 Re7 35. Bb3 Kf8 36. h3 Re2 37. Bc4 Rb2 38. Rf1 Ke7 39. Re1+ Kf6 40. h4 Be5 41. Re2 Rxe2 42. Bxe2 Bg3 43. h5 Ke5 44. Kg2 Bh4 45. Bc4 f6 46. Kf3 Kd4 47. Be6 c4 48. Ke2 Kc3 49. Kd1 Bg5 0-1

[Event "Gibraltar Masters 14th"]
[Site "Caleta"]
[Date "2016.02.02"]
[Round "8"]
[White "Boado Rodriguez, Martin"]
[Black "George, Lolomari Erekosima"]
[Result "1-0"]
[WhiteElo "2121"]
[BlackElo "1937"]
[PlyCount "91"]
[EventDate "2016.01.26"]
[EventType "swiss"]
[EventRounds "10"]
[EventCountry "GGB"]
[SourceTitle "CBM 171"]
[Source "ChessBase"]
[SourceDate "2016.03.14"]
[SourceVersion "2"]
[SourceVersionDate "2016.03.14"]
[SourceQuality "1"]

1. e4 c6 2. d4 d5 3. exd5 cxd5 4. c4 Nf6 5. Nc3 g6 6. cxd5 Bg7 7. Bc4 0-0 8. a4 Na6 9. Nge2 Nc7 10. Qb3 e6 11. dxe6 Nxe6 12. d5 Nc5 13. Qd1 b6 14. 0-0 Bb7 15. Bf4 Rc8 16. Rc1 a6 17. b4 Nce4 18. Nxe4 Nxe4 19. Qd3 Re8 20. Bxa6 Rxc1 21. Rxc1 Qxd5 22. Qxd5 Bxd5 23. Be3 Bf8 24. Nf4 Bb3 25. Bb5 Rb8 26. Rb1 Bc2 27. Rc1 Bb3 28. Nd3 Nd6 29. Rc3 Bd1 30. Bc6 Rc8 31. Rc1 Be2 32. Nf4 Bc4 33. b5 Bb3 34. Nd5 Nc4 35. Bd4 Ba3 36. Rc3 Bb2 37. Ne7+ Kf8 38. Nxc8 Bxc3 39. Bxc3 Bxa4 40. Kf1 Kg8 41. Ne7+ Kf8 42. Nd5 Kg8 43. Bb4 f5 44. f4 Kf7 45. Kf2 Bc2 46. Ne3 1-0

[Event "Gibraltar Masters 13th"]
[Site "Caleta"]
[Date "2015.02.02"]
[Round "7"]
[White "George, Lolomari Erekosima"]
[Black "Henderson de la Fuente, Lance"]
[Result "1/2-1/2"]
[WhiteElo "1857"]
[BlackElo "2014"]
[PlyCount "78"]
[EventDate "2015.01.27"]
[EventType "swiss"]
[EventRounds "10"]
[EventCountry "GGB"]
[SourceTitle "CBM 165"]
[Source "ChessBase"]
[SourceDate "2015.03.11"]
[SourceVersion "1"]
[SourceVersionDate "2015.03.11"]
[SourceQuality "1"]

1. Nf3 d5 2. c4 e6 3. b3 Nf6 4. Bb2 c6 5. e3 Bd6 6. d4 Nbd7 7. Bd3 0-0 8. 0-0 Ne4 9. Nbd2 f5 10. Ne5 g5 11. f3 Nxd2 12. Qxd2 Qe8 13. Nxd7 Bxd7 14. e4 Qh5 15. g3 Rf7 16. Bc3 Raf8 17. e5 Be7 18. Bb4 Be8 19. Bxe7 Rxe7 20. cxd5 cxd5 21. Rac1 h6 22. Rc3 Qf7 23. Rfc1 Qg7 24. Qc2 a6 25. a4 h5 26. h3 g4 27. f4 gxh3 28. Kh2 Qg6 29. Bf1 Rg7 30. Bxh3 Qh6 31. Qf2 Bc6 32. Bf1 h4 33. Bh3 hxg3+ 34. Rxg3 Rff7 35. Rcg1 Rxg3 36. Qxg3+ Rg7 37. Qxg7+ Qxg7 38. Rxg7+ Kxg7 39. Bf1 Kh6 1/2-1/2

[Event "Gibraltar Masters 12th"]
[Site "Caleta"]
[Date "2014.02.06"]
[Round "10"]
[White "Perdomo Araujo, Angel Eduardo"]
[Black "George, Lolomari Erekosima"]
[Result "1-0"]
[WhiteElo "2018"]
[BlackElo "1835"]
[PlyCount "45"]
[EventDate "2014.01.28"]
[EventType "swiss"]
[EventRounds "10"]
[EventCountry "GGB"]
[SourceTitle "CBM 159"]
[Source "ChessBase"]
[SourceDate "2014.03.17"]
[SourceVersion "1"]
[SourceVersionDate "2014.03.17"]
[SourceQuality "1"]

1. e4 d6 2. d4 Nf6 3. Nc3 g6 4. f3 c6 5. Be3 Nbd7 6. Nh3 b5 7. a3 Bb7 8. Nf2 e5 9. Qd2 a5 10. Be2 b4 11. axb4 axb4 12. Na4 exd4 13. Bxd4 c5 14. Bxf6 Qxf6 15. Bb5 d5 16. 0-0 Rd8 17. Ng4 Qe6 18. exd5 Qd6 19. Rfe1+ Be7 20. Qh6 Rg8 21. Qxh7 Rf8 22. Qg7 f5 23. Re6 1-0

[Event "Gibraltar Masters 11th"]
[Site "Caleta"]
[Date "2013.01.30"]
[Round "9"]
[White "Savage, Neil"]
[Black "George, Lolomari Erekosima"]
[Result "0-1"]
[WhiteElo "1620"]
[BlackElo "1869"]
[PlyCount "84"]
[EventDate "2013.01.22"]
[EventType "swiss"]
[EventRounds "10"]
[EventCountry "GGB"]
[SourceTitle "CBM 153"]
[Source "ChessBase"]
[SourceDate "2013.03.14"]
[SourceVersion "1"]
[SourceVersionDate "2013.03.14"]
[SourceQuality "1"]

1. e4 c6 2. Nc3 d5 3. Nf3 g6 4. h3 Bg7 5. d4 dxe4 6. Nxe4 h5 7. Bf4 Nh6 8. Qd2 Nf5 9. 0-0-0 Qd5 10. Nc3 Qa5 11. Bc4 h4 12. Rhe1 0-0 13. Kb1 b5 14. Nxb5 Qa6 15. Nd6 Qb6 16. Nxf5 Bxf5 17. Rxe7 Bf6 18. Ree1 Na6 19. Bg5 Rab8 20. Bb3 Bxg5 21. Nxg5 Nb4 22. Ne4 a5 23. Qh6 Nd5 24. a4 Rfe8 25. Qxh4 Kg7 26. f3 Rh8 27. Qf2 g5 28. Ka1 Nb4 29. Ba2 Nxa2 30. c3 Bxe4 31. Rxe4 Qb3 32. Qd2 f6 33. Re7+ Kf8 34. Rc7 Qxa4 35. b3 Rxb3 36. Rc8+ Kg7 37. Rc7+ Kh6 38. Qxa2 Ra3 39. Rd2 Rxa2+ 40. Rxa2 Qd1+ 41. Kb2 Rb8+ 42. Ka3 Qb3# 0-1

[Event "Gibraltar Masters 11th"]
[Site "Caleta"]
[Date "2013.01.22"]
[Round "1"]
[White "Notkevich, Benjamin Arvola"]
[Black "George, Lolomari Erekosima"]
[Result "1-0"]
[WhiteElo "2309"]
[BlackElo "1869"]
[PlyCount "93"]
[EventDate "2013.01.22"]
[EventType "swiss"]
[EventRounds "10"]
[EventCountry "GGB"]
[SourceTitle "CBM 153"]
[Source "ChessBase"]
[SourceDate "2013.03.14"]
[SourceVersion "1"]
[SourceVersionDate "2013.03.14"]
[SourceQuality "1"]

1. e4 c6 2. Nf3 d5 3. Nc3 Bg4 4. h3 Bxf3 5. Qxf3 e6 6. Be2 Nf6 7. 0-0 dxe4 8. Nxe4 Nxe4 9. Qxe4 Nd7 10. b4 Nf6 11. Qc4 Be7 12. Bf3 0-0 13. Rb1 Rc8 14. d4 Nd5 15. a3 Qd6 16. Qd3 Rfd8 17. Bb2 Nf4 18. Qe4 Bf6 19. c4 Ng6 20. Rfd1 Nh4 21. Bg4 g6 22. d5 Bxb2 23. dxe6 Qe5 24. Qxe5 Bxe5 25. e7 Re8 26. Bxc8 Rxe7 27. Rd8+ Kg7 28. Rbd1 Bb2 29. R8d7 Re4 30. Bxb7 Rxc4 31. Ba6 Rc3 32. a4 Ba3 33. R7d3 Bxb4 34. Rd4 Be7 35. Rc4 Ra3 36. Rd7 Bf6 37. Rxa7 Ra1+ 38. Kh2 Ra2 39. Re4 Rxf2 40. Re2 Rf5 41. Bc4 Be5+ 42. g3 Nf3+ 43. Kg2 Bd4 44. Rxf7+ Rxf7 45. Bxf7 Nh4+ 46. gxh4 Kxf7 47. a5 1-0